| 000 | 00884nas a2200265 4500 | ||
|---|---|---|---|
| 001 | BR2012007798 | ||
| 003 | BR-BrBNA | ||
| 005 | 20231205121330.0 | ||
| 007 | ta | ||
| 008 | 230509b bl.|||p| |||| 00| 00por d | ||
| 040 |
_aBR-BrBNA _bpor _cBiblioteca Nacional de Agricultura |
||
| 041 | _a(Pt) | ||
| 072 | _aM12; L53 | ||
| 100 | 1 | _aNakayama, C.L. | |
| 100 | 1 | _aWasielesky Júnior, W. | |
| 100 | 1 | _aCavalli, R.O. | |
| 245 | 1 | _aAvaliação do desempenho reprodutivo do camarão-rosa Farfantepenaeus paulensis (Pérez-farfante, 1967)em tanques com diferentes profundidades de água | |
| 650 | _aCAMARÃO ROSA | ||
| 650 | _aMATURAÇÃO | ||
| 650 | _aDESOVA | ||
| 650 | _aFERTILIDADE | ||
| 773 | 0 |
_tBoletim do Instituto de Pesca (Brazil) _xISSN 0046-9939 _g(Jan-Mar 2009), v. 35(1) p. 83-89 _wBR2012007798 |
|
| 909 |
_a202311 _bLúcia _c55 _dLúcia Elande |
||
| 942 |
_2AGRIS _n0 _cANA |
||
| 999 |
_c222991 _d222991 |
||